Peace Education (Record no. 593408)
[ view plain ]
| 000 -LEADER | |
|---|---|
| fixed length control field | 00574nam a22001457a 4500 |
| 020 ## - INTERNATIONAL STANDARD BOOK NUMBER | |
| International Standard Book Number | 9781593118907 |
| 040 ## - CATALOGING SOURCE | |
| Transcribing agency | Muhammad Ibrahim |
| 082 ## - DEWEY DECIMAL CLASSIFICATION NUMBER | |
| Classification number | 303.66071 |
| Author Mark | PAG 2008 |
| 100 ## - MAIN ENTRY--PERSONAL NAME | |
| Personal name | Page, James Smith |
| 9 (RLIN) | 109444 |
| 245 ## - TITLE STATEMENT | |
| Title | Peace Education |
| Remainder of title | Exploring Ethical and Philosophical Foundations |
| Statement of responsibility, etc. | James Smith Page |
| 260 ## - PUBLICATION, DISTRIBUTION, ETC. | |
| Place of publication, distribution, etc. | USA |
| Name of publisher, distributor, etc. | Information Age Publishing Inc |
| Date of publication, distribution, etc. | 2008 |
| 300 ## - PHYSICAL DESCRIPTION | |
| Extent | 231p, |
| 650 ## - SUBJECT ADDED ENTRY--TOPICAL TERM | |
| Source of heading or term | Peace-Study and Teaching- Moral and Ethical Aspects, virtue ethics, consequentialist ethics, conservative poitical ethics, Aesthetic ethics, Ethics of care |
| 942 ## - ADDED ENTRY ELEMENTS (KOHA) | |
| Source of classification or shelving scheme | |
| Koha item type | Book |
| Withdrawn status | Lost status | Source of classification or shelving scheme | Damaged status | Not for loan | Permanent Location | Current Location | Shelving location | Date acquired | Total Checkouts | Full call number | Barcode | Date last seen | Price effective from | Koha item type |
|---|---|---|---|---|---|---|---|---|---|---|---|---|---|---|
| Centre for International Peace & Stability (CIPS) | Centre for International Peace & Stability (CIPS) | General Stacks | 04/24/205 | 303.66071 PAG 2008 | CIPSD0000197 | 02/22/2023 | 02/22/2023 | Book |
